[Event "RUS-chT Blitz Men 2018"]
[Site "Sochi"]
[Date "2018.10.10"]
[Round "14"]
[White "Romanov, Evgeny"]
[Black "Rudakov, Sergey S."]
[Result "1-0"]
[WhiteElo "2614"]
[BlackElo "1733"]
[Annotator "TA"]
[PlyCount "109"]
[EventDate "2018.10.10"]
[EventType "swiss"]
[EventCountry "RUS"]
[SourceTitle "playchess.com"]
[Source "ChessBase"]
[SourceQuality "1"]

1. b3 e5 2. Bb2 d6 3. g3 f5 4. Bg2 Nf6 5. d3 Be7 6. e4 O-O 7. exf5 c6 8. g4 Nbd7 9. Nd2 Nd5 10. Ne2 Bg5 11. Ne4 Be7 12. Qd2 N7f6 13. h3 Nxe4 14. dxe4 Nf6 15. g5 Nh5 16. h4 d5 17. Bf3 Nf4 18. Nxf4 exf4 19. Qxf4 dxe4 20. Bxe4 Bd6 21. Qf3 Bxf5 22. Bxf5 Qa5+ 23. Bc3 Rae8+ 24. Kf1 Qxf5 25. Qxf5 Rxf5 26. Re1 Ref8 27. Re2 Rf3 28. Bd4 c5 29. Be3 b6 30. Kg2 g6 31. Rd1 Bb8 32. Rd7 R3f7 33. Red2 Be5 34. c4 Bc3 35. Rxf7 Rxf7 36. Rd8+ Kg7 37. f4 Re7 38. Kf3 Be1 39. h5 gxh5 40. f5 Rf7 41. f6+ Kg6 42. Ke4 h4 43. Bf4 Bg3 44. Rg8+ Kh5 45. Rg7 Rf8 46. Rxh7+ Kg4 47. Be3 Re8+ 48. Kd3 h3 49. f7 Rf8 50. g6 Be5 51. Ke4 Bf6 52. Bh6 Rd8 53. f8=Q Rxf8 54. Bxf8 Bh4 55. Bd6 1-0

[Event "RUS-chT Blitz Men 2018"]
[Site "Sochi"]
[Date "2018.10.10"]
[Round "14"]
[White "Chigaev, Maksim"]
[Black "Bocharov, Ivan"]
[Result "0-1"]
[WhiteElo "2599"]
[BlackElo "2563"]
[Annotator "TA"]
[PlyCount "129"]
[EventDate "2018.10.10"]
[EventType "swiss"]
[EventCountry "RUS"]
[SourceTitle "playchess.com"]
[Source "ChessBase"]
[SourceQuality "1"]

1. Nf3 Nf6 2. e3 d5 3. c4 c6 4. Nc3 a6 5. d4 Bf5 6. Be2 h6 7. Bd3 Bxd3 8. Qxd3 e6 9. O-O Bb4 10. Bd2 O-O 11. Rfd1 Bxc3 12. Bxc3 Nbd7 13. Rac1 Qe7 14. a3 Rfd8 15. Ba5 Rdc8 16. Bb4 Qd8 17. h3 Ne4 18. Nd2 Nxd2 19. Bxd2 Qh4 20. Be1 Qg5 21. f3 b5 22. c5 a5 23. e4 a4 24. Qe2 Re8 25. e5 f6 26. Bd2 Qg6 27. exf6 Qxf6 28. Bc3 e5 29. dxe5 Nxe5 30. Kh1 Qe7 31. Re1 Ng6 32. Qd3 Qf7 33. Qd4 Nf4 34. Rcd1 Ne2 35. Qd2 Nxc3 36. Qxc3 Qf6 37. Qxf6 gxf6 38. Kg1 Kf7 39. Kf2 Re5 40. Re2 Rae8 41. Rc2 Re3 42. Rd4 Re1 43. h4 Rb1 44. h5 Re5 45. g4 Ree1 46. Kg3 Rec1 47. Re2 Re1 48. Red2 Rbc1 49. Rf4 Rxc5 50. Kf2 Rcc1 51. Rf5 Rf1+ 52. Kg3 Rg1+ 53. Kh4 Rgd1 54. Re2 Re1 55. Rd2 Re5 56. Rf4 Rc4 57. Kg3 Re1 58. Rf5 Re5 59. Rf4 Rxf4 60. Kxf4 c5 61. Rc2 d4 62. Rc1 Ke6 63. Rd1 Kd5 64. Kg3 c4 65. f4 0-1

[Event "RUS-chT Blitz Men 2018"]
[Site "Sochi"]
[Date "2018.10.10"]
[Round "14"]
[White "Timofeev, Artyom"]
[Black "Chizhikov, Vladislav"]
[Result "1/2-1/2"]
[WhiteElo "2580"]
[BlackElo "2304"]
[Annotator "TA"]
[PlyCount "122"]
[EventDate "2018.10.10"]
[EventType "swiss"]
[EventCountry "RUS"]
[SourceTitle "playchess.com"]
[Source "ChessBase"]
[SourceQuality "1"]

1. c4 c5 2. Nf3 Nc6 3. Nc3 g6 4. g3 Bg7 5. Bg2 d6 6. O-O Bd7 7. h3 h5 8. d3 Nf6 9. Bg5 Qc8 10. Kh2 Nh7 11. Be3 Ne5 12. Nxe5 Bxe5 13. f4 Bg7 14. d4 O-O 15. dxc5 dxc5 16. Nd5 Re8 17. Qd2 Nf6 18. Rfd1 Bc6 19. b4 cxb4 20. Qxb4 Qe6 21. Qb3 Rac8 22. Qd3 b6 23. Rac1 Nd7 24. Bf2 Nc5 25. Bxc5 bxc5 26. Rb1 Red8 27. e3 Qd6 28. Qc2 Bxd5 29. Rxd5 Qa6 30. e4 Rb8 31. Rxb8 Rxb8 32. e5 Qa3 33. Rd2 e6 34. h4 Bf8 35. Be4 Kg7 36. Kg2 Be7 37. Bf3 Bd8 38. Be4 Ba5 39. Re2 Qc3 40. Qxc3 Bxc3 41. Kf3 Rb2 42. Rxb2 Bxb2 43. Bc6 Bc3 44. Kf2 Kf8 45. Kf3 Ke7 46. g4 hxg4+ 47. Kxg4 Bd2 48. Be4 Bc1 49. Bd3 a5 50. a4 Bd2 51. Be2 Kf8 52. Kg3 Be1+ 53. Kh3 Bd2 54. Kg4 Ke7 55. Kg5 Be3 56. h5 gxh5 57. Bxh5 Bd2 58. Kg4 f6 59. Kf3 fxe5 60. fxe5 Bc3 61. Ke4 Bb2 1/2-1/2

[Event "RUS-chT Blitz Men 2018"]
[Site "Sochi"]
[Date "2018.10.10"]
[Round "14"]
[White "Rozum, Ivan"]
[Black "Antipov, Mikhail Al."]
[Result "0-1"]
[WhiteElo "2573"]
[BlackElo "2593"]
[Annotator "TA"]
[PlyCount "84"]
[EventDate "2018.10.10"]
[EventType "swiss"]
[EventCountry "RUS"]
[SourceTitle "playchess.com"]
[Source "ChessBase"]
[SourceQuality "1"]

1. Nf3 Nf6 2. g3 d5 3. Bg2 c6 4. c4 dxc4 5. O-O a6 6. a4 b5 7. axb5 cxb5 8. Nd4 Qxd4 9. Bxa8 Bh3 10. Bg2 Bxg2 11. Kxg2 h5 12. d3 h4 13. dxc4 Qxc4 14. Bf4 e5 15. Bg5 hxg3 16. fxg3 Qe4+ 17. Rf3 Qg4 18. h4 Bc5 19. Qc2 Nbd7 20. Rxa6 O-O 21. Nc3 Qd4 22. Be3 Qc4 23. Rc6 b4 24. b3 Qxc3 25. Qxc3 bxc3 26. Bxc5 Rb8 27. Rxc3 Ne4 28. Ba7 Rb5 29. Rc8+ Kh7 30. Rd3 Ndf6 31. Be3 Ra5 32. Bg5 Nxg5 33. hxg5 Ne4 34. Rcd8 Ra2 35. Re3 Nxg5 36. Rxe5 Ne6 37. Kf2 Rb2 38. Re3 Nxd8 39. Rd3 Ne6 40. Ke3 Nc5 41. Rd5 Rxb3+ 42. Kf2 Ne4+ 0-1

[Event "RUS-chT Blitz Men 2018"]
[Site "Sochi"]
[Date "2018.10.10"]
[Round "14"]
[White "Yuffa, Daniil"]
[Black "Moiseenko, Vadim"]
[Result "1-0"]
[WhiteElo "2563"]
[BlackElo "2492"]
[Annotator "TA"]
[PlyCount "43"]
[EventDate "2018.10.10"]
[EventType "swiss"]
[EventCountry "RUS"]
[SourceTitle "playchess.com"]
[Source "ChessBase"]
[SourceQuality "1"]

1. d4 Nf6 2. c4 b6 3. Qc2 Bb7 4. Nc3 d5 5. cxd5 Nxd5 6. Bd2 e6 7. Nf3 Be7 8. e4 Nb4 9. Qa4+ Qd7 10. Bb5 c6 11. Be2 c5 12. Bb5 N8c6 13. d5 exd5 14. exd5 O-O 15. dxc6 Qe6+ 16. Be3 Nxc6 17. O-O Nb4 18. Be2 Qg6 19. Qd7 Bxf3 20. Bxf3 Rae8 21. a3 Nc2 22. Be4 1-0

[Event "RUS-chT Blitz Men 2018"]
[Site "Sochi"]
[Date "2018.10.10"]
[Round "14"]
[White "Bocharov, Dmitry"]
[Black "Vastrukhin, Oleg"]
[Result "1-0"]
[WhiteElo "2557"]
[BlackElo "2413"]
[Annotator "TA"]
[PlyCount "107"]
[EventDate "2018.10.10"]
[EventType "swiss"]
[EventCountry "RUS"]
[SourceTitle "playchess.com"]
[Source "ChessBase"]
[SourceQuality "1"]

1. d4 g6 2. Nf3 Bg7 3. g3 Nf6 4. Bg2 O-O 5. c4 c6 6. Nc3 d5 7. cxd5 cxd5 8. Ne5 Nc6 9. Nxc6 bxc6 10. O-O Bf5 11. Bf4 Re8 12. Rc1 Rc8 13. Na4 Nd7 14. Qd2 e5 15. dxe5 Nxe5 16. b3 h5 17. h3 Qe7 18. Bg5 Bf6 19. Bxf6 Qxf6 20. Rfd1 Nd7 21. Re1 Be4 22. Nc5 Nxc5 23. Rxc5 Bxg2 24. Kxg2 Re6 25. e3 Rd8 26. Rd1 Re4 27. Qc3 Qxc3 28. Rxc3 Re6 29. Rdc1 Rdd6 30. h4 Kf8 31. Rc5 Ke8 32. Kf3 Kd8 33. b4 Rf6+ 34. Ke2 Rfe6 35. Kd3 Rf6 36. R1c2 Rfe6 37. a3 Kd7 38. Ra5 Rf6 39. Rxa7+ Ke6 40. Rc7 Kf5 41. a4 Kg4 42. a5 Kf3 43. a6 c5 44. b5 d4 45. a7 dxe3+ 46. Kc3 Rd8 47. fxe3 Kxg3 48. Ra2 Rb6 49. a8=Q Rxa8 50. Rxa8 Rxb5 51. Rxf7 Kxh4 52. Rg8 g5 53. Rf5 g4 54. Rh8 1-0

[Event "RUS-chT Blitz Men 2018"]
[Site "Sochi"]
[Date "2018.10.10"]
[Round "14"]
[White "Iljiushenok, Ilia"]
[Black "Alexeev, Alexey"]
[Result "1-0"]
[WhiteElo "2539"]
[BlackElo "2287"]
[Annotator "TA"]
[PlyCount "49"]
[EventDate "2018.10.10"]
[EventType "swiss"]
[EventCountry "RUS"]
[SourceTitle "playchess.com"]
[Source "ChessBase"]
[SourceQuality "1"]

1. Nf3 Nf6 2. g3 c5 3. Bg2 d5 4. O-O Nc6 5. d4 cxd4 6. Nxd4 e5 7. Nxc6 bxc6 8. c4 Be6 9. Nc3 h6 10. Qa4 Qd7 11. cxd5 cxd5 12. Qxd7+ Kxd7 13. Rd1 Bd6 14. Nxd5 Rac8 15. Nxf6+ gxf6 16. Be3 Rc2 17. Bxa7 Rhc8 18. b4 Ke7 19. a3 Rxe2 20. Be3 Rb2 21. Rdb1 Rxb1+ 22. Rxb1 h5 23. a4 Rc4 24. a5 Bf5 25. Ra1 1-0

[Event "RUS-chT Blitz Men 2018"]
[Site "Sochi"]
[Date "2018.10.10"]
[Round "14"]
[White "Sychev, Klementy"]
[Black "Garifullina, Leya"]
[Result "1-0"]
[WhiteElo "2534"]
[BlackElo "1962"]
[Annotator "TA"]
[PlyCount "95"]
[EventDate "2018.10.10"]
[EventType "swiss"]
[EventCountry "RUS"]
[SourceTitle "playchess.com"]
[Source "ChessBase"]
[SourceQuality "1"]

1. e4 e6 2. d4 d5 3. Nd2 c5 4. exd5 exd5 5. Ngf3 Nc6 6. Bb5 Bd6 7. O-O Nf6 8. Re1+ Be7 9. dxc5 O-O 10. Nb3 Bg4 11. Bxc6 bxc6 12. Nbd4 Rc8 13. b4 Ne4 14. h3 Bh5 15. Bb2 Bf6 16. Qd3 Bg6 17. Qa6 Qc7 18. Rad1 h6 19. Ba1 Bh5 20. Qd3 Rb8 21. a3 a5 22. Rb1 axb4 23. axb4 Bg6 24. Qd1 Rfc8 25. Qc1 Ng5 26. Nxg5 Bxg5 27. Qd1 Bf6 28. Bc3 Qd7 29. Qd2 Qc7 30. Nf3 Bxc3 31. Qxc3 Be4 32. Nd4 Qf4 33. Qe3 Qf6 34. f3 Bg6 35. Qe5 Qh4 36. Nxc6 Re8 37. Qc3 Rbc8 38. Nd4 Qg3 39. Qd2 Rf8 40. c6 h5 41. b5 Ra8 42. b6 Ra4 43. b7 Qc7 44. Rb4 Ra2 45. Reb1 Rb8 46. Qc3 Ra5 47. Nb5 Qb6+ 48. Kh1 1-0

[Event "RUS-chT Blitz Men 2018"]
[Site "Sochi"]
[Date "2018.10.10"]
[Round "14"]
[White "Shcherbakov, Ruslan"]
[Black "Mochalin, Faddey"]
[Result "1-0"]
[WhiteElo "2516"]
[BlackElo "2032"]
[Annotator "TA"]
[PlyCount "103"]
[EventDate "2018.10.10"]
[EventType "swiss"]
[EventCountry "RUS"]
[SourceTitle "playchess.com"]
[Source "ChessBase"]
[SourceQuality "1"]

1. Nf3 d5 2. d4 Nf6 3. c4 c6 4. Nbd2 Bf5 5. Nh4 Be4 6. f3 Bg6 7. Qb3 Qc7 8. g3 Nbd7 9. Bg2 e6 10. O-O Be7 11. e3 O-O 12. Nxg6 hxg6 13. Qc2 Rfe8 14. f4 Rac8 15. c5 Qb8 16. b4 Kh7 17. Qd1 Rh8 18. g4 Kg8 19. g5 Ne8 20. Rb1 Nc7 21. a4 b5 22. cxb6 axb6 23. Nf3 Ne8 24. Ne5 Qb7 25. b5 Nxe5 26. dxe5 c5 27. Bd2 Ra8 28. Ra1 Ra7 29. Qb3 Nc7 30. Rfb1 Kh7 31. a5 Rha8 32. a6 Qc8 33. Bf3 Qd7 34. Be2 c4 35. Qc2 Bc5 36. Kg2 Rh8 37. Qb2 Kg8 38. Bf3 Kf8 39. Rd1 Kg8 40. Rab1 Qe8 41. Qc1 Qc8 42. Bc3 Qb8 43. Bd4 Bxd4 44. Rxd4 Qf8 45. e4 Qc5 46. Qd2 Nxb5 47. Rxb5 Qxb5 48. exd5 exd5 49. Rxd5 Qxa6 50. Be2 Qa2 51. Qe3 c3 52. Rd8+ 1-0

[Event "RUS-chT Blitz Men 2018"]
[Site "Sochi"]
[Date "2018.10.10"]
[Round "14"]
[White "Khanin, Semen"]
[Black "Oganian, Miran"]
[Result "1-0"]
[WhiteElo "2510"]
[BlackElo "2435"]
[Annotator "TA"]
[PlyCount "123"]
[EventDate "2018.10.10"]
[EventType "swiss"]
[EventCountry "RUS"]
[SourceTitle "playchess.com"]
[Source "ChessBase"]
[SourceQuality "1"]

1. e4 c5 2. Nf3 g6 3. d4 cxd4 4. Qxd4 Nf6 5. Nc3 Nc6 6. Qa4 d6 7. e5 dxe5 8. Nxe5 Bd7 9. Nxd7 Qxd7 10. Be2 Bg7 11. Be3 O-O 12. Rd1 Qf5 13. O-O a6 14. Rd2 h5 15. h3 b5 16. Qf4 Qxf4 17. Bxf4 Rac8 18. Rfd1 e6 19. a3 Rfe8 20. g4 hxg4 21. hxg4 Ne7 22. Bf3 Rc4 23. Bg5 Ned5 24. Nxd5 Nxd5 25. c3 Bf6 26. Rxd5 Bxg5 27. Rxg5 e5 28. Bd5 Rf4 29. Rxg6+ Kh7 30. Rg5 f6 31. Rh5+ Kg6 32. f3 e4 33. Rf5 Rxf5 34. gxf5+ Kxf5 35. Bxe4+ Kf4 36. Kf2 Rh8 37. Rg1 f5 38. Bb7 a5 39. Bc6 Rb8 40. Rd1 Rh8 41. Rd4+ Ke5 42. Rd5+ Kf4 43. Rd4+ Ke5 44. f4+ Ke6 45. Bxb5 Rh2+ 46. Ke3 Rxb2 47. Bc4+ Ke7 48. Rd5 Rc2 49. Kd4 Kf6 50. Rxa5 Rf2 51. Ra6+ Kg7 52. Ke5 Rf3 53. Kxf5 Rxc3 54. Ra7+ Kh6 55. Ra6+ Kg7 56. Bd5 Rd3 57. Ke4 Rc3 58. f5 Rc1 59. f6+ Kg6 60. f7+ Kg7 61. Ra8 Re1+ 62. Kd4 1-0

[Event "RUS-chT Blitz Men 2018"]
[Site "Sochi"]
[Date "2018.10.10"]
[Round "14"]
[White "Afanasiev, Nikita"]
[Black "Kharitonov, Egor"]
[Result "1-0"]
[WhiteElo "2487"]
[BlackElo "1686"]
[Annotator "TA"]
[PlyCount "104"]
[EventDate "2018.10.10"]
[EventType "swiss"]
[EventCountry "RUS"]
[SourceTitle "playchess.com"]
[Source "ChessBase"]
[SourceQuality "1"]

1. Nf3 d5 2. g3 e6 3. Bg2 Nf6 4. O-O Be7 5. b3 O-O 6. Bb2 b6 7. c4 Bb7 8. cxd5 Nxd5 9. d4 Nf6 10. Nc3 Na6 11. a3 c5 12. dxc5 Nxc5 13. b4 Qxd1 14. Rfxd1 Nce4 15. Nxe4 Bxe4 16. Ne5 Bxg2 17. Kxg2 Rac8 18. Rac1 Rfe8 19. Nc6 Rc7 20. Be5 Rb7 21. f3 h6 22. e4 Kh7 23. Kf2 Kg6 24. Ke2 h5 25. Rd3 h4 26. g4 Nh7 27. Bd4 f6 28. Be3 Ng5 29. Nd4 Bf8 30. Rdc3 a5 31. b5 e5 32. Nf5 Ne6 33. Nxh4+ Kh7 34. Rc6 Nd4+ 35. Bxd4 exd4 36. a4 Bc5 37. Kd3 Rd7 38. Ng2 g5 39. Rxf6 Re5 40. Rc6 Rf7 41. Rf1 Kg7 42. h4 Kf8 43. h5 Kg7 44. Rg6+ Kh7 45. f4 gxf4 46. Rxf4 Rd7 47. Nh4 Bb4 48. Rxb6 Rc5 49. Rc6 Rc3+ 50. Ke2 d3+ 51. Kd1 Ra3 52. Rff6 d2 1-0

[Event "RUS-chT Blitz Men 2018"]
[Site "Sochi"]
[Date "2018.10.10"]
[Round "14"]
[White "Chekhov, Sergei"]
[Black "Kobalia, Mikhail"]
[Result "1/2-1/2"]
[WhiteElo "2463"]
[BlackElo "2620"]
[Annotator "TA"]
[PlyCount "99"]
[EventDate "2018.10.10"]
[EventType "swiss"]
[EventCountry "RUS"]
[SourceTitle "playchess.com"]
[Source "ChessBase"]
[SourceQuality "1"]

1. e4 c5 2. c3 Nf6 3. e5 Nd5 4. d4 cxd4 5. Qxd4 e6 6. Bc4 Nc6 7. Qe4 d6 8. exd6 Nf6 9. Qe2 Bxd6 10. Nf3 O-O 11. O-O Qc7 12. h3 b6 13. Bg5 Bb7 14. Nbd2 Ne5 15. Nxe5 Bxe5 16. Bb3 Bf4 17. Bxf4 Qxf4 18. Qe3 Qxe3 19. fxe3 Rfd8 20. Rfd1 Nd7 21. Nc4 Nc5 22. Rd4 f6 23. Rad1 Rxd4 24. exd4 Nxb3 25. axb3 Bd5 26. Ra1 Kf7 27. Ra3 Ke7 28. Ne3 Bc6 29. b4 a5 30. bxa5 Rxa5 31. Rxa5 bxa5 32. Kf2 Bb5 33. c4 Bc6 34. h4 h5 35. Ke2 Kd6 36. Kd3 g5 37. g3 Bf3 38. Kc3 gxh4 39. gxh4 f5 40. Kd3 f4 41. Nf1 Bg2 42. Nd2 e5 43. d5 Kc5 44. b3 Kd6 45. Ne4+ Bxe4+ 46. Kxe4 Kc5 47. Kf3 Kd6 48. Ke4 Kc5 49. Kf3 Kd6 50. Ke4 1/2-1/2

[Event "RUS-chT Blitz Men 2018"]
[Site "Sochi"]
[Date "2018.10.10"]
[Round "14"]
[White "Lugovskoy, Maxim"]
[Black "Maletin, Pavel"]
[Result "0-1"]
[WhiteElo "2428"]
[BlackElo "2586"]
[Annotator "TA"]
[PlyCount "58"]
[EventDate "2018.10.10"]
[EventType "swiss"]
[EventCountry "RUS"]
[SourceTitle "playchess.com"]
[Source "ChessBase"]
[SourceQuality "1"]

1. d4 d5 2. Nc3 Nf6 3. Bf4 g6 4. Qd2 Bg7 5. Bh6 O-O 6. h4 c5 7. Bxg7 Kxg7 8. h5 cxd4 9. Qxd4 Nc6 10. Qh4 Bf5 11. hxg6 Bxg6 12. Nf3 d4 13. Nb1 Nb4 14. Na3 Qa5 15. Nd2 Rac8 16. Rc1 Nxa2 17. Rd1 Nb4 18. g4 Qxa3 19. Bg2 Nxc2+ 20. Kf1 Qa4 21. b3 Qa5 22. Qh6+ Kg8 23. g5 Ng4 24. Qh4 Nce3+ 25. Kg1 Nxd1 26. Be4 Qxd2 27. Qxg4 Qe1+ 28. Kh2 Qxf2+ 29. Bg2 Ne3 0-1

[Event "RUS-chT Blitz Men 2018"]
[Site "Sochi"]
[Date "2018.10.10"]
[Round "14"]
[White "Gogolev, Artem"]
[Black "Kryakvin, Dmitry"]
[Result "0-1"]
[WhiteElo "2389"]
[BlackElo "2595"]
[Annotator "TA"]
[PlyCount "68"]
[EventDate "2018.10.10"]
[EventType "swiss"]
[EventCountry "RUS"]
[SourceTitle "playchess.com"]
[Source "ChessBase"]
[SourceQuality "1"]

1. Nf3 d5 2. d4 Nf6 3. c4 c6 4. cxd5 cxd5 5. Nc3 Nc6 6. Bf4 Nh5 7. Bd2 e6 8. e3 Bd6 9. Bd3 Nf6 10. O-O O-O 11. Rc1 Bd7 12. Na4 Ne4 13. a3 Nxd2 14. Nxd2 e5 15. dxe5 Nxe5 16. Be2 Qe7 17. Nc3 Bc6 18. Nf3 Rad8 19. Qd4 Nxf3+ 20. Bxf3 Be5 21. Qxa7 d4 22. exd4 Bxd4 23. Qa5 Bxf3 24. gxf3 Rd6 25. Qf5 Qh4 26. Ne4 Rh6 27. h3 Bxb2 28. Rb1 Bxa3 29. Kg2 Rg6+ 30. Ng3 Bd6 31. f4 Bxf4 32. Rb3 Bxg3 33. fxg3 Qe7 34. Rxb7 Qxb7+ 0-1

[Event "RUS-chT Blitz Men 2018"]
[Site "Sochi"]
[Date "2018.10.10"]
[Round "14"]
[White "Ozgibcev, Anatoly"]
[Black "Ponomarenko, Alexandr"]
[Result "1-0"]
[WhiteElo "2368"]
[BlackElo "2231"]
[Annotator "TA"]
[PlyCount "121"]
[EventDate "2018.10.10"]
[EventType "swiss"]
[EventCountry "RUS"]
[SourceTitle "playchess.com"]
[Source "ChessBase"]
[SourceQuality "1"]

1. e4 e5 2. Nf3 Nc6 3. Bc4 Be7 4. d4 exd4 5. Nxd4 d6 6. O-O Nf6 7. Nc3 O-O 8. Bf4 Nxd4 9. Qxd4 Nd7 10. Nd5 Bf6 11. Nxf6+ Qxf6 12. Qxf6 Nxf6 13. Rfe1 Be6 14. Bd3 Nd7 15. b3 Ne5 16. Bf1 a5 17. a4 Nd7 18. Rad1 b6 19. Bb5 Rad8 20. f3 f5 21. Bg3 fxe4 22. Rxe4 Bf5 23. Re2 Rde8 24. Rde1 Rxe2 25. Rxe2 Nf6 26. Bc6 Kf7 27. Kf2 Bd7 28. Bxd7 Nxd7 29. Bh4 Nf6 30. Rd2 Re8 31. Bg5 Nd7 32. Be3 Ne5 33. Bd4 Nd7 34. h4 g6 35. g4 Ne5 36. Re2 Nc6 37. Rxe8 Kxe8 38. Bc3 Kf7 39. Ke3 Ke6 40. Kf4 Ne7 41. Kg5 Kf7 42. h5 gxh5 43. Kxh5 Nd5 44. Bd2 c6 45. f4 Nc7 46. f5 Ne8 47. Bg5 d5 48. Bd8 b5 49. Bxa5 Nf6+ 50. Kh4 Ne4 51. Be1 bxa4 52. bxa4 Nc5 53. a5 Na6 54. Kg5 c5 55. Kf4 h6 56. Ke5 d4 57. Kd5 Kf6 58. Bd2 h5 59. gxh5 Kxf5 60. h6 Kg6 61. Kc4 1-0

[Event "RUS-chT Blitz Men 2018"]
[Site "Sochi"]
[Date "2018.10.10"]
[Round "14"]
[White "Ivlev, Aleksey"]
[Black "Kamsky, Gata"]
[Result "0-1"]
[WhiteElo "2326"]
[BlackElo "2666"]
[Annotator "TA"]
[PlyCount "124"]
[EventDate "2018.10.10"]
[EventType "swiss"]
[EventCountry "RUS"]
[SourceTitle "playchess.com"]
[Source "ChessBase"]
[SourceQuality "1"]

1. d4 d5 2. c4 c6 3. Nc3 Nf6 4. cxd5 cxd5 5. Bf4 e6 6. e3 Bd6 7. Bg3 Nc6 8. Bd3 h6 9. Rc1 O-O 10. Nf3 Bxg3 11. hxg3 Qd6 12. O-O Bd7 13. Na4 Rab8 14. Nc5 Rfd8 15. a3 Be8 16. b4 b6 17. Nb3 Ne7 18. Nbd2 Ng4 19. Qc2 Rdc8 20. Qb2 f6 21. Rxc8 Rxc8 22. Rc1 Rc6 23. Nh2 Nxh2 24. Kxh2 Qc7 25. Rc2 Bg6 26. Bxg6 Nxg6 27. Rxc6 Qxc6 28. Qb1 Ne7 29. Qd3 Nf5 30. Nf3 Nd6 31. Nh4 Qc4 32. Qd1 g5 33. Qh5 gxh4 34. Qg6+ Kf8 35. Qxf6+ Nf7 36. gxh4 Qc7+ 37. g3 Qe7 38. Qg6 e5 39. dxe5 Qxe5 40. Qc6 Kg7 41. Qd7 a5 42. Qg4+ Kf6 43. Qf3+ Qf5 44. Qe2 axb4 45. axb4 Ne5 46. Kg2 Qe4+ 47. f3 Qd3 48. Qe1 Qc2+ 49. Kh3 Qf5+ 50. Kg2 Qxf3+ 51. Kh3 h5 52. Qa1 Qxe3 53. Qf1+ Qf3 54. Qc1 Kf5 55. Qc2+ Qe4 56. Qc8+ Kf6 57. Qf8+ Ke6 58. Qe8+ Kd6 59. Qf8+ Kc6 60. Qa8+ Kb5 61. Qe8+ Kxb4 62. Qxh5 Qh1# 0-1

[Event "RUS-chT Blitz Men 2018"]
[Site "Sochi"]
[Date "2018.10.10"]
[Round "14"]
[White "Inozemtsev, Sergei"]
[Black "Mamedov, Elmin"]
[Result "0-1"]
[WhiteElo "2310"]
[BlackElo "2210"]
[Annotator "NA"]
[PlyCount "76"]
[EventDate "2018.10.10"]
[EventType "swiss"]
[EventCountry "RUS"]
[SourceTitle "playchess.com"]
[Source "ChessBase"]
[SourceQuality "1"]

1. e4 d6 2. d4 g6 3. Nc3 Bg7 4. Be3 a6 5. h3 b5 6. a3 Bb7 7. Nf3 Nf6 8. Bd3 O-O 9. O-O Nfd7 10. Re1 c5 11. Bf1 Nc6 12. dxc5 dxc5 13. Qd2 b4 14. Na4 bxa3 15. Rxa3 Nd4 16. Nxd4 cxd4 17. Bxd4 Nf6 18. Rae3 Bh6 19. Nc5 Bc6 20. Qc3 Bxe3 21. Rxe3 Bb5 22. Bd3 Rc8 23. b4 Nd7 24. Bxb5 axb5 25. Rd3 Nxc5 26. Bxc5 Qc7 27. g3 Rfd8 28. Rf3 e5 29. Qe3 Rd1+ 30. Kg2 Qd7 31. Qc3 Qe6 32. h4 Rcd8 33. Qe3 Qc4 34. Kh3 h5 35. g4 Qf1+ 36. Kg3 Qg1+ 37. Kh3 Qh1+ 38. Kg3 Rg1# 0-1

[Event "RUS-chT Blitz Men 2018"]
[Site "Sochi"]
[Date "2018.10.10"]
[Round "14"]
[White "Truskavetsky, Alexandr"]
[Black "Indjic, Aleksandar"]
[Result "0-1"]
[WhiteElo "2307"]
[BlackElo "2604"]
[Annotator "TA"]
[PlyCount "83"]
[EventDate "2018.10.10"]
[EventType "swiss"]
[EventCountry "RUS"]
[SourceTitle "playchess.com"]
[Source "ChessBase"]
[SourceQuality "1"]

1. d4 Nf6 2. c4 e6 3. g3 c5 4. d5 d6 5. Nc3 exd5 6. cxd5 g6 7. Bg2 Bg7 8. Nf3 O-O 9. O-O Re8 10. Bf4 Na6 11. Re1 Bg4 12. h3 Bxf3 13. Bxf3 Nd7 14. Bg2 Ne5 15. a4 Nb4 16. Ne4 h6 17. Qc1 f5 18. Nc3 g5 19. Bd2 Qf6 20. Nb5 Re7 21. Bxb4 cxb4 22. Nd4 Nd3 23. exd3 Rxe1+ 24. Qxe1 Qxd4 25. Qe6+ Kh8 26. Qxd6 Qxb2 27. Rf1 b3 28. Qd7 Qe5 29. Qxb7 Rb8 30. Qc6 b2 31. Qc2 Qd6 32. d4 f4 33. g4 Bxd4 34. Qd3 Bg7 35. Be4 Qc5 36. Qe2 Qc3 37. Kg2 Re8 38. Qf3 Qd4 39. Bf5 a5 40. Rb1 Rd8 41. Be4 Qxa4 42. d6 0-1

[Event "RUS-chT Blitz Men 2018"]
[Site "Sochi"]
[Date "2018.10.10"]
[Round "14"]
[White "Uzhva, Andrey"]
[Black "Sharafiev, Azat"]
[Result "0-1"]
[WhiteElo "2270"]
[BlackElo "2432"]
[Annotator "TA"]
[PlyCount "62"]
[EventDate "2018.10.10"]
[EventType "swiss"]
[EventCountry "RUS"]
[SourceTitle "playchess.com"]
[Source "ChessBase"]
[SourceQuality "1"]

1. Nf3 c5 2. g3 Nc6 3. Bg2 g6 4. c4 Bg7 5. Nc3 e6 6. b3 Nge7 7. Bb2 d5 8. O-O d4 9. Na4 b6 10. e3 e5 11. exd4 exd4 12. b4 cxb4 13. Re1 O-O 14. Nxd4 Bxd4 15. Bxd4 Qxd4 16. Rxe7 Bg4 17. Re4 Bxd1 18. Rxd4 Bxa4 19. Rd6 Rad8 20. Bxc6 Rxd6 21. Bxa4 Rxd2 22. a3 bxa3 23. Rxa3 Rfd8 24. Bc6 R8d6 25. Bd5 a5 26. Rf3 R2xd5 27. cxd5 Rxd5 28. Rf6 Rb5 29. Rc6 a4 30. Rc8+ Kg7 31. Ra8 Ra5 0-1

[Event "RUS-chT Blitz Men 2018"]
[Site "Sochi"]
[Date "2018.10.10"]
[Round "14"]
[White "Linker, Mikhail"]
[Black "Morozevich, Alexander"]
[Result "0-1"]
[WhiteElo "2269"]
[BlackElo "2656"]
[Annotator "TA"]
[PlyCount "92"]
[EventDate "2018.10.10"]
[EventType "swiss"]
[EventCountry "RUS"]
[SourceTitle "playchess.com"]
[Source "ChessBase"]
[SourceQuality "1"]

1. d4 Nf6 2. c4 e6 3. g3 c5 4. d5 exd5 5. cxd5 g6 6. Nc3 Bg7 7. Bg2 d6 8. Nf3 O-O 9. O-O Re8 10. Bf4 Na6 11. Re1 Bf5 12. Nd2 Nh5 13. Be3 Rxe3 14. fxe3 Qe7 15. e4 Bd7 16. e3 b5 17. Bf1 Nc7 18. a4 b4 19. Nb5 Ne8 20. Nc4 a6 21. Nb6 Rb8 22. Nxd7 Qxd7 23. Qc2 Be5 24. Be2 Nhf6 25. Rf1 axb5 26. axb5 h5 27. Ra6 h4 28. Kg2 hxg3 29. hxg3 Ng4 30. Qd2 Nef6 31. Bf3 Qxb5 32. Ra7 Rb7 33. Ra8+ Kg7 34. Bxg4 Nxg4 35. Rh1 Rb8 36. Ra7 Nf6 37. Qf2 Qd3 38. Qf3 Qc2+ 39. Kg1 Qb1+ 40. Kg2 Qxb2+ 41. Kg1 Qc1+ 42. Kg2 Qc2+ 43. Kg1 b3 44. Qf2 Qxf2+ 45. Kxf2 Nxe4+ 46. Kf3 Nc3 0-1

[Event "RUS-chT Blitz Men 2018"]
[Site "Sochi"]
[Date "2018.10.10"]
[Round "14"]
[White "Tsvetkov, Andrey"]
[Black "Lysyj, Igor"]
[Result "0-1"]
[WhiteElo "2264"]
[BlackElo "2631"]
[Annotator "TA"]
[PlyCount "126"]
[EventDate "2018.10.10"]
[EventType "swiss"]
[EventCountry "RUS"]
[SourceTitle "playchess.com"]
[Source "ChessBase"]
[SourceQuality "1"]

1. d4 d5 2. c4 e6 3. Nc3 dxc4 4. Nf3 a6 5. e3 Nf6 6. Bxc4 b5 7. Be2 Bb7 8. O-O Nbd7 9. a4 b4 10. Nb1 c5 11. dxc5 Nxc5 12. Nbd2 Be7 13. Nc4 O-O 14. b3 Qxd1 15. Bxd1 Rfd8 16. Nd4 Rac8 17. f3 Nd5 18. Bd2 Bf6 19. Rc1 Nd3 20. Rc2 Nxe3 21. Bxe3 Bxd4 22. Bxd4 Rxd4 23. Na5 Rxc2 24. Bxc2 Bd5 25. Rd1 Nf4 26. Kf2 Rxd1 27. Bxd1 e5 28. g3 Nd3+ 29. Ke3 Nc5 30. Bc2 f6 31. h4 h6 32. g4 Kf7 33. f4 Ke7 34. fxe5 fxe5 35. Bd1 Kd6 36. Be2 Nxb3 37. Nxb3 Bxb3 38. a5 Bd5 39. Bxa6 Kc5 40. Be2 b3 41. Kd2 Kb4 42. a6 g5 43. hxg5 hxg5 44. a7 Kc5 45. Kc3 Kb6 46. a8=Q Bxa8 47. Kxb3 Kc5 48. Kc3 Be4 49. Ba6 Bh7 50. Bc8 e4 51. Kd2 Kd4 52. Ke2 e3 53. Bf5 Bg8 54. Bc2 Bc4+ 55. Kf3 Bd3 56. Ba4 Be4+ 57. Ke2 Bd5 58. Bd7 Ke4 59. Bc8 Kf4 60. Ke1 Bf3 61. Bd7 Bxg4 62. Bc6 Bf3 63. Bd7 g4 0-1